Gia đình giàu có : Những bí mật gia đình
Guardat en:
| Autor principal: | |
|---|---|
| Format: | Llibre |
| Idioma: | Undetermined |
| Publicat: |
Thành phố Hồ Chí Minh
Đà Nẳng
2008
|
| Matèries: | |
| Etiquetes: |
Afegir etiqueta
Sense etiquetes, Sigues el primer a etiquetar aquest registre!
|
| Thư viện lưu trữ: | Trung tâm Học liệu Trường Đại học Cần Thơ |
|---|
| LEADER | 00616nam a2200205Ia 4500 | ||
|---|---|---|---|
| 001 | CTU_132123 | ||
| 008 | 210402s9999 xx 000 0 und d | ||
| 020 | |c 50000 | ||
| 082 | |a 813.54 | ||
| 082 | |b R724 | ||
| 100 | |a Rogers, Eddie | ||
| 245 | 0 | |a Gia đình giàu có : | |
| 245 | 0 | |b Những bí mật gia đình | |
| 245 | 0 | |c Eddie Rogers; Saigonbook dịch | |
| 260 | |a Thành phố Hồ Chí Minh | ||
| 260 | |b Đà Nẳng | ||
| 260 | |c 2008 | ||
| 650 | |a Truyện ngắn, Mỹ,Short stories, american | ||
| 904 | |i Tuyến | ||
| 980 | |a Trung tâm Học liệu Trường Đại học Cần Thơ | ||